| 000 | 00950cab a2200265 4500 | ||
|---|---|---|---|
| 001 | ABS53701 | ||
| 008 | 090401t1995 xxu||||| |||| 00| 0 eng d | ||
| 035 | _a(Sirsi) u6037 | ||
| 041 | _aeng | ||
| 245 | _aSite safety | ||
| 260 | _c1995 | ||
| 350 | _a0 | ||
| 490 |
_aContract Journal _v380(6046) 12 October 1995, 26-35(8) |
||
| 520 | _aFeature on site safety, with articles covering the use of safety consultants by contractors, the planning supervisor`s role, the winning of CJ`s Silver Helmet Award for Safety by AMEC, and how small contractors can cope with CDM. | ||
| 650 | _aCONSTRUCTION (DESIGN AND MANAGEMENT) REGULATIONS 1994 | ||
| 650 | _aCONSTRUCTION SITES | ||
| 650 |
_aHEALTH AND SAFETY _96244 |
||
| 650 | _aPLANNING SUPERVISORS | ||
| 650 | _aSAFETY CONSULTANTS | ||
| 650 | _aSILVER HELMET AWARD FOR SAFETY | ||
| 650 | _aSITE SAFETY | ||
| 690 | _aBUILT ENVIRONMENT-BUILDING STANDARDS | ||
| 942 | _n0 | ||
| 948 | _c04/03/1997 | ||
| 999 |
_c3619 _d3619 |
||